000 00637nam a22002297a 4500
003 UA-OsUOA
001 94106
007 ta
008 20130205b un ||||| |||| 00| 0 ukr d
100 _aГусев В.
090 _a821.161.1
_bГ96
942 _cBK
040 _aUA-OsUOA
_brus
_cUA-OsUOA
_dUA-OsUOA
245 _aСпасское-Путовиново
_bрассказы, роман
300 _a432 с.
955 _a3
041 _arus
080 _a821.161.1
260 _aМ.
_bСоветский писатель
_c1979
650 7 _a82 Література. Літературознавство
_2UDC
999 _c380360
_d380360